Влияние температуры нагрева мсточника зажигания на нижний концентрационный предел распространения пламени в аэровзвесях; Известия Томского политехнического университета [Известия ТПУ]; Т. 306, № 6
| Parent link: | Известия Томского политехнического университета [Известия ТПУ]/ Томский политехнический университет (ТПУ).— , 2000- Т. 306, № 6.— 2003.— [С. 54-58] |
|---|---|
| मुख्य लेखक: | |
| अन्य लेखक: | |
| सारांश: | Заглавие с титульного листа Электронная версия печатной публикации Представлены результаты исследования влияния температуры нагрева инициирующего источника зажигания на нижний концентрационный предел распространения пламени (НКПР) в аэровзвесях. Экспериментально показано, что существует определенная температура нагрева инициирующего источника зажигания, при которой наблюдается НКПР. Установлено, что для каждой температуры нагрева инициирующего источника зажигания существует оптимальный размер частиц, для которого реализуется минимальное значение НКПР. |
| भाषा: | रूसी |
| प्रकाशित: |
2003
|
| श्रृंखला: | Технические науки |
| विषय: | |
| ऑनलाइन पहुंच: | http://www.lib.tpu.ru/fulltext/v/Bulletin_TPU/2003/v306/i6/12.pdf |
| स्वरूप: | इलेक्ट्रोनिक पुस्तक अध्याय |
| KOHA link: | https://koha.lib.tpu.ru/cgi-bin/koha/opac-detail.pl?biblionumber=167945 |
MARC
| LEADER | 00000nla2a2200000 4500 | ||
|---|---|---|---|
| 001 | 167945 | ||
| 005 | 20240214111113.0 | ||
| 035 | |a (RuTPU)RU\TPU\book\182208 | ||
| 035 | |a RU\TPU\book\182199 | ||
| 090 | |a 167945 | ||
| 100 | |a 20091022d2003 k y0rusy50 ca | ||
| 101 | 0 | |a rus | |
| 102 | |a RU | ||
| 135 | |a drnn ---uucaa | ||
| 181 | 0 | |a i | |
| 182 | 0 | |a b | |
| 200 | 1 | |a Влияние температуры нагрева мсточника зажигания на нижний концентрационный предел распространения пламени в аэровзвесях |f А. И. Сечин, В. Я. Яшин | |
| 203 | |a Текст |c электронный | ||
| 215 | |a 1 файл (198 Кб) | ||
| 225 | 1 | |a Технические науки | |
| 300 | |a Заглавие с титульного листа | ||
| 300 | |a Электронная версия печатной публикации | ||
| 320 | |a [Библиогр.: с. 58 (17 назв.)] | ||
| 330 | |a Представлены результаты исследования влияния температуры нагрева инициирующего источника зажигания на нижний концентрационный предел распространения пламени (НКПР) в аэровзвесях. Экспериментально показано, что существует определенная температура нагрева инициирующего источника зажигания, при которой наблюдается НКПР. Установлено, что для каждой температуры нагрева инициирующего источника зажигания существует оптимальный размер частиц, для которого реализуется минимальное значение НКПР. | ||
| 337 | |a Adobe Reader | ||
| 461 | 1 | |0 (RuTPU)RU\TPU\book\176237 |t Известия Томского политехнического университета [Известия ТПУ] |f Томский политехнический университет (ТПУ) |d 2000- | |
| 463 | 1 | |0 (RuTPU)RU\TPU\book\182122 |t Т. 306, № 6 |v [С. 54-58] |d 2003 |p 167 с. | |
| 610 | 1 | |a аэровзвеси | |
| 610 | 1 | |a температура нагрева | |
| 610 | 1 | |a концентрационные зависимости | |
| 610 | 1 | |a нижний концентрационный предер распространения | |
| 610 | 1 | |a НКПР | |
| 610 | 1 | |a экспериментальные исследования | |
| 610 | 1 | |a труды учёных ТПУ | |
| 610 | 1 | |a электронный ресурс | |
| 700 | 1 | |a Сечин |b А. И. |c специалист в области экологии и безопасности жизнедеятельности |c профессор Томского политехнического университета, доктор технических наук |f 1950- |g Александр Иванович |3 (RuTPU)RU\TPU\pers\26051 |9 11890 | |
| 701 | 1 | |a Яшин |b В. Я. | |
| 801 | 1 | |a RU |b 63413507 |c 20090623 |g PSBO | |
| 801 | 2 | |a RU |b 63413507 |c 20210521 |g PSBO | |
| 856 | 4 | |u http://www.lib.tpu.ru/fulltext/v/Bulletin_TPU/2003/v306/i6/12.pdf | |
| 942 | |c CF | ||